| 000 | 00493nam a22001937a 4500 | ||
|---|---|---|---|
| 003 | OSt | ||
| 005 | 20180116183031.0 | ||
| 008 | 151221b xxu||||| |||| 00| 0 eng d | ||
| 020 | _a04-568-89-1 | ||
| 024 | _204-568-89-1 | ||
| 040 | _cLahore LUMS | ||
| 082 | _a174.4 LUM 1989 | ||
| 100 | _aAzhar W, Hasan N | ||
| 245 |
_aRIN _cAzhar W, Hasan N |
||
| 260 |
_aLahore LUMS _b Lahore University of Management Sciences _c1989 |
||
| 300 |
_a10 p. _bPapers |
||
| 440 | _aRIN | ||
| 942 |
_2ddc _cCS |
||
| 999 |
_c351007 _d351007 |
||